Statistics for World Chess Championship contenders

Click here to take the quiz!

General Stats

  • This quiz has been taken 10 times
  • The average score is 27 of 43

Answer Stats

ChampionRunner-upPlayer% Correct
1975 (w/o),.1978, 1981,
1993(FIDE), 1996(FIDE), 1998(FIDE)
1984/85 (*), 1985, 1986,
1987, 1990
Anatoly Karpov
100%
19721975 (w/o)Bobby Fischer
100%
1985, 1986, 1987, 1990,
1993(Classical), 1995(Classical)
1984/85 (*), 2000 (Classical)Garry Kasparov
100%
19601961Mikhail Tal
100%
2000 (FIDE), 2007, 2008, 2010, 20121995(Classical), 1998(FIDE),
2013, 2014
Viswanathan Anand
100%
1894, 1896-97, 1907, 1908,1910 (1),
1910 (2)
1921Emanuel Lasker
90%
19211927José Raúl Capablanca
90%
2013, 2014, 2016, 2018, 2021-Magnus Carlsen
90%
19351937Max Euwe
90%
1963, 19661969Tigran Petrosian
90%
2005 (FIDE)2006, 2010Veselin Topalov
90%
1886, 1889, 1890-91, 18921894, 1896-97Wilhelm Steinitz
90%
1927, 1929, 1934, 19371935Alexander Alekhine
80%
1969, 19721966Boris Spassky
80%
2023-Ding Liren
80%
-2018Fabiano Caruana
80%
-2021, 2023Ian Nepomniachtchi
80%
1948, 1951, 1954, 1958, 19611957, 1960, 1963Mikhail Botvinnik
80%
-2016Sergey Karjakin
80%
19571954, 1958Vasily Smyslov
80%
2000 (Classical), 2004 (Classical),
2006
2008Vladimir Kramnik
80%
-2012Boris Gelfand
70%
-1993 (Classical)Nigel Short
60%
2002 (FIDE)-Ruslan Ponomariov
60%
-1951David Bronstein
50%
2004 (FIDE)-Rustam Kasimdzhanov
50%
-2002 (FIDE)Vasyl Ivanchuk
50%
-1978, 1981Viktor Korchnoi
50%
1999 (FIDE)-Alexander Khalifman
40%
-1993 (FIDE)Jan Timman
40%
-1886Johannes Zukertort
40%
-2004 (FIDE)Michael Adams
40%
-1889, 1892Mikhail Chigorin
40%
-1908Siegbert Tarrasch
40%
-2000 (FIDE)Alexei Shirov
30%
-1910 (2)Dawid Janowski
30%
-1929, 1934Efim Bogoljubow
30%
-1907Frank Marshall
30%
-1996 (FIDE)Gata Kamsky
30%
-2004 (Classical)Peter Leko
20%
-1910 (1)Carl Schlechter
10%
-1890-91Isidor Gunsberg
10%
-1999 (FIDE)Vladimir Akopian
10%

Score Distribution

Percentile by Number Answered

Percent of People with Each Score

Your Score History

You have not taken this quiz